| 000 | 01086nam a2200277 i 4500 | ||
|---|---|---|---|
| 001 | 93495 | ||
| 003 | ES-MaACL | ||
| 005 | 20250624062908.0 | ||
| 007 | t| | ||
| 008 | 050531s1964 sp ||||1| spa d | ||
| 080 | _a75 Colom, María Josefa (083.82) | ||
| 100 | 1 |
_aColom, María Josefa. _939791 |
|
| 245 | 1 | 0 |
_aM. J. Colom _b: [exposición, Sala del Prado del Ateneo de Madrid, 28 de febrero de 1964] / _c[Texto: Alberto del Castillo]. |
| 260 |
_a[Madrid] : _bPublicaciones Españolas, _c[1964] |
||
| 300 |
_a[22] p. : _bprincipalmente il. n. ; _c28 cm. |
||
| 490 | 1 |
_aCuadernos de arte. Colección ordinaria ; _v146 |
|
| 600 | 1 | 4 |
_aColom, María Josefa- _vExposiciones. _939792 |
| 610 | 2 | 7 |
_aAteneo de Madrid- _vExposiciones- _y1960-1969. _91920 |
| 655 | 7 |
_2tgfbne _9193628 _aCatálogos de exposiciones |
|
| 700 | 1 |
_aCastillo, Alberto del. _936670 |
|
| 710 | 2 |
_aAteneo de Madrid. _bSala del Prado. _91965 |
|
| 830 | 0 |
_aCuadernos de arte. Colección ordinaria _v146 _9180064 |
|
| 852 |
_aES-MaACL _j2194-F-19 _bR.136129 _996953 |
||
| 942 | _2udc | ||
| 999 |
_c93495 _d93495 |
||